Cinéma : une image, un film (niveau difficile) - Statistiques

Statistiques générales
  • Ce quiz a été pris 7 024 fois
    6 969 depuis la dernière actualisation
  • Le résultat moyen est 4 sur 10
Statistiques - réponses
Par images Réponse % Correct
Le Cercle des Poètes Disparus
82%
8 Mile
81%
Will Hunting
67%
Un jour sans fin
44%
Flashdance
35%
Breakfast Club
34%
Casablanca
30%
The Holiday
30%
Big
17%
Rocketman
12%
Aucun quiz correspondant
Distribution des résultats
% des personnes avec chaque résultat
Percentile par nombre de réponses
Votre historique - résultats
Vous n’avez pas pris ce quiz depuis la dernière actualisation